[Event "26th 4NCL Congress"]
[Site "Woodland Grange, Leamington Spa"]
[Date "2021.09.11"]
[Round "2"]
[Board "21"]
[White "Lacoult, Maxime"]
[Black "Baravalle, Maurizio"]
[Result "1-0"]
[WhiteElo "1599"]
[BlackElo "1012"]
[PlyCount "0"]
[EventDate "2021.09.10"]
[EventRounds "5"]
[EventCountry "ENG"]

1.b3 d5 2.Bb2 c5 3.e3 Nc6 4.Bb5 a6 5.Bxc6+ bxc6 6.Nf3 Bg4 7.h3 Bh5 8.d3 e6
9.Nbd2 Nf6 10.g4 Bg6 11.Ne5 Qc7 12.h4 Bd6 13.Ndf3 Qa5+ 14.Qd2 Qxd2+ 15.Kxd2
Bxe5 16.Nxe5 Rc8 17.h5 Be4 18.dxe4 dxe4 19.Rad1 O-O 20.Ke2 Nd5 21.Nd7 Rfe8
22.Nxc5 Nb4 23.Nxe4 Rcd8 24.a3 f5 25.Rxd8 Rxd8 26.axb4 fxe4 27.Rd1 Rxd1
28.Kxd1 Kf7 29.Ke2 g6 30.f3 exf3+ 31.Kxf3 Ke7 32.Kf4 Kf7 33.hxg6+ hxg6 34.g5
Ke7 35.Ke5  1-0

[Event "26th 4NCL Congress"]
[Site "Woodland Grange, Leamington Spa"]
[Date "2021.09.11"]
[Round "2"]
[Board "22"]
[White "Jones, Jonathan"]
[Black "Coleman, Diana"]
[Result "1-0"]
[WhiteElo "1570"]
[BlackElo "917"]
[PlyCount "0"]
[EventDate "2021.09.10"]
[EventRounds "5"]
[EventCountry "ENG"]

1.d4 d5 2.Bf4 Nc6 3.Nc3 Nf6 4.Nb5 e5 5.Bxe5 Nxe5 6.dxe5 Ne4 7.Qxd5 Be6 8.Qxe4
c6 9.Nc3 Bb4 10.Qxb4 a5 11.Qc5  1-0

[Event "26th 4NCL Congress"]
[Site "Woodland Grange, Leamington Spa"]
[Date "2021.09.11"]
[Round "3"]
[Board "1"]
[White "Williams, Stephen"]
[Black "Fancourt, Leslie J"]
[Result "1-0"]
[WhiteElo "1698"]
[BlackElo "1563"]
[PlyCount "0"]
[EventDate "2021.09.10"]
[EventRounds "5"]
[EventCountry "ENG"]

1.d4 f5 2.Nc3 e6 3.e4 Nf6 4.Bg5 Be7 5.exf5 exf5 6.Bd3 d6 7.Qf3 g6 8.Nge2 O-O
9.O-O-O c6 10.h4 Nh5 11.Bxe7 Qxe7 12.Rde1 Qc7 13.Nf4 Nxf4 14.Qxf4 Na6 15.a3 d5
16.Qg5 Qg7 17.h5 Nc7 18.hxg6 Qxg6 19.Qe7 Qg7 20.Qh4 Ne6 21.Rh3 Kh8 22.Rg3 Qxd4
23.Qe7 Qf6 24.Qxh7+ Kxh7 25.Bxf5+ Kh6 26.Rh1+  1-0

[Event "26th 4NCL Congress"]
[Site "Woodland Grange, Leamington Spa"]
[Date "2021.09.11"]
[Round "3"]
[Board "2"]
[White "Cole, David M"]
[Black "Vaidyanathan, Adithya"]
[Result "1-0"]
[WhiteElo "1668"]
[BlackElo "1559"]
[PlyCount "0"]
[EventDate "2021.09.10"]
[EventRounds "5"]
[EventCountry "ENG"]

1.d4 d5 2.c4 e6 3.Nc3 Nf6 4.Bg5 Bb4 5.e3 c6 6.a3 Bxc3+ 7.bxc3 dxc4 8.Bxf6 Qxf6
9.Bxc4 b5 10.Bd3 Bb7 11.Nf3 O-O 12.O-O Nd7 13.a4 bxa4 14.Qxa4 Nb6 15.Qc2 h6
16.c4 c5 17.dxc5 Nd7 18.Ra5 Qd8 19.Rfa1 Rc8 20.Be2 Nxc5 21.Rxa7 Be4 22.Qc3 Qb6
23.Nd2 Rfd8 24.Nxe4 Nxe4 25.Qe5 Nd6 26.R7a6 Qc5 27.Qxc5 Rxc5 28.Ra8 Rxa8
29.Rxa8+ Kh7 30.Ra1 Kg6 31.Rd1 Rc6 32.Bf3 Ra6 33.c5 Ne8 34.h3 Kf6 35.Bb7 Ra7
36.c6 Ke7 37.Rd7+ Kf6 38.c7 Nxc7 39.Rxc7 g5 40.g4 Ra1+ 41.Kg2 Ra5 42.Kf3 Kg6
43.Rc8 f5 44.Rg8+ Kf7 45.Rh8 Kg6 46.Bc6 fxg4+ 47.hxg4 Rc5 48.Be4+ Kg7 49.Rh7+
Kf8 50.Rxh6 Ke7 51.Rg6 Kf7 52.Rh6 Ke7 53.Rh8 Kf7 54.Rb8 Ra5 55.Bd3 Kf6 56.Rb6
Kf7 57.Rb5 Rxb5 58.Bxb5 Kf6 59.Ke4 Kg6 60.Ke5 Kf7 61.Bc4 Kg6 62.Kxe6 Kh7
63.Ba6 Kg7 64.Kf5 Kh6 65.Kf6 Kh7 66.Kxg5 Kg7 67.f4 Kf7 68.e4 Kg7 69.e5 Kf7
70.f5 Ke7 71.Kg6 Kf8 72.Kf6 Ke8 73.Kg7 Ke7 74.e6 Ke8 75.f6 Kd8 76.e7+ Kd7
77.Bb5+ Kd6 78.e8=Q Kd5 79.f7 Kd4 80.f8=Q Kd5 81.Qc6+ Kd4 82.Qf4#  1-0

[Event "26th 4NCL Congress"]
[Site "Woodland Grange, Leamington Spa"]
[Date "2021.09.11"]
[Round "3"]
[Board "3"]
[White "Gilbert, David J"]
[Black "Twigg, Robert"]
[Result "1/2-1/2"]
[WhiteElo "1612"]
[BlackElo "1383"]
[PlyCount "0"]
[EventDate "2021.09.10"]
[EventRounds "5"]
[EventCountry "ENG"]

1.c4 e5 2.g3 c6 3.d4 Bb4+ 4.Bd2 Bd6 5.d5 Qb6 6.Qc2 Bc5 7.e3 Nf6 8.Nc3 Qd8
9.Bg2 d6 10.Nge2 O-O 11.a3 Bb6 12.O-O h6 13.Kh1 Bg4 14.f3 Bh5 15.e4 Qc8 16.Qb3
Bd8 17.Be3 c5 18.Ng1 a6 19.Nce2 Nbd7 20.Bh3 Qc7 21.Bf5 Rb8 22.g4 Bg6 23.Ng3 b5
24.Rab1 Kh7 25.Nh3 Ng8 26.g5 Ne7 27.gxh6 gxh6 28.Bd2 Nf6 29.Qe3 Nfg8 30.b3
bxc4 31.bxc4 Rxb1 32.Rxb1 Kg7 33.Rg1 Kh8 34.Bxg6 Nxg6 35.Nf5 Qd7 36.Rg3 Bf6
37.Nxh6 Bg7 38.Nxg8 Kxg8 39.Qg5 Qa4 40.Qe3 Qxc4 41.Rg1 Qd4 42.Qxd4 exd4 43.Ng5
Rb8 44.f4 c4 45.f5 c3 46.Bc1 Ne5 47.f6 Kh8 48.fxg7+ Kg8 49.Nh3 d3 50.Nf2 d2
51.Bxd2 cxd2 52.Nd1 Rb1 53.Kg2 Kxg7 54.Kf2+ Kf6 55.Ke2 Ra1 56.Rg3 Nc4 57.Rc3
Rc1 58.Rb3 Kg5 59.Rf3 Ne5 60.Rc3 Rxc3 61.Nxc3  1/2-1/2

[Event "26th 4NCL Congress"]
[Site "Woodland Grange, Leamington Spa"]
[Date "2021.09.11"]
[Round "3"]
[Board "5"]
[White "Mcmorran, Richard"]
[Black "Rida, Ruqayyah"]
[Result "1-0"]
[WhiteElo "1653"]
[BlackElo "1261"]
[PlyCount "0"]
[EventDate "2021.09.10"]
[EventRounds "5"]
[EventCountry "ENG"]

1.d4 Nf6 2.c4 g6 3.g3 Bg7 4.Bg2 O-O 5.Nf3 d6 6.O-O Nbd7 7.Nc3 e5 8.Qc2 exd4
9.Nxd4 Nc5 10.Rd1 c6 11.b4 Ne6 12.Nb3 Qc7 13.Ba3 Rb8 14.Rac1 Re8 15.b5 c5
16.Rd2 b6 17.Rcd1 Rd8 18.Bb2 Bb7 19.e4 Qe7 20.g4 Nxg4 21.Qd3 Nd4 22.Nd5 Bxd5
23.Nxd4 Bb7 24.Nb3 Nf6 25.Re2 h6 26.h3 Rd7 27.Bxf6 Bxf6 28.e5 dxe5 29.Qxd7 Rd8
30.Qxd8+  1-0

[Event "26th 4NCL Congress"]
[Site "Woodland Grange, Leamington Spa"]
[Date "2021.09.11"]
[Round "3"]
[Board "6"]
[White "Ashton, Alannah"]
[Black "Hariharan, Shambavi"]
[Result "1/2-1/2"]
[WhiteElo "1584"]
[BlackElo "858"]
[PlyCount "0"]
[EventDate "2021.09.10"]
[EventRounds "5"]
[EventCountry "ENG"]

1.e4 c6 2.d4 d5 3.exd5 cxd5 4.c4 Nf6 5.Nc3 e6 6.Nf3 Bb4 7.Bd3 h6 8.O-O O-O
9.Be3 Nc6 10.a3 dxc4 11.Bxc4 Bd6 12.Bb3 a6 13.Bc2 b5 14.Qd3 b4 15.Ne4 Re8
16.Nxd6 Qxd6 17.Rac1 Bb7 18.Rfd1 bxa3 19.bxa3 Ne7 20.Ne5 Ned5 21.Rb1 Rab8
22.Bxh6 Rec8 23.Qg3 Nh5 24.Qd3 Nhf6 25.Bd2 Rc7 26.Ba5 Rcc8 27.Rb2 Nf4 28.Qd2
N4d5 29.Rdb1 Ba8 30.Nc4 Qf8 31.Rxb8 Rxb8 32.Rxb8 Qxb8 33.f3 Bc6 34.Ne5 Bb7
35.Bb4 Nxb4 36.Qxb4 Qc7 37.Bd3 Nd5 38.Qc4  1/2-1/2

[Event "26th 4NCL Congress"]
[Site "Woodland Grange, Leamington Spa"]
[Date "2021.09.11"]
[Round "3"]
[Board "8"]
[White "Belinger, John"]
[Black "Dias, Yan A"]
[Result "0-1"]
[WhiteElo "1685"]
[BlackElo "1522"]
[PlyCount "0"]
[EventDate "2021.09.10"]
[EventRounds "5"]
[EventCountry "ENG"]

1.e4 g6 2.d4 Bg7 3.Nc3 d6 4.f4 Nc6 5.Be3 e5 6.Nf3 Bg4 7.d5 Nd4 8.Be2 Nxe2
9.Qxe2 Nf6 10.h3 Bxf3 11.Qxf3 Nd7 12.O-O O-O 13.Rab1 f5 14.Qe2 Bh6 15.Qd2 exf4
16.Bxf4 g5 17.Be3 f4 18.Bd4 Ne5 19.Bxe5 dxe5 20.Rf3 Qd7 21.Rd1 Rf6 22.Qe2 a6
23.Rf2 Bf8 24.Kh1 Rh6 25.Rd3 g4 26.Kg1 Bc5 27.Qxg4+ Qxg4 28.hxg4 Rh4 29.Kf1
Bxf2 30.Kxf2 Rxg4 31.Na4 b6 32.d6 cxd6 33.Rxd6 Rc8 34.Nc3 Rg6 35.Rd5 Rc5
36.Rxc5 bxc5 37.Nd5 Kf7 38.c4 Rg3 39.Nc3 Ke6 40.Nd5 Kd6 41.Nc3 h5 42.Nd5 Rd3
43.Ke2 Rd4 44.b3 Rxe4+ 45.Kf3 Rd4 46.a3 a5  0-1

[Event "26th 4NCL Congress"]
[Site "Woodland Grange, Leamington Spa"]
[Date "2021.09.11"]
[Round "3"]
[Board "9"]
[White "Cuthbert, Larissa"]
[Black "Dias, Ruwan"]
[Result "0-1"]
[WhiteElo "1452"]
[BlackElo "1660"]
[PlyCount "0"]
[EventDate "2021.09.10"]
[EventRounds "5"]
[EventCountry "ENG"]

1.e4 e6 2.d4 d5 3.exd5 exd5 4.Nc3 c6 5.Be3 Bd6 6.Qd2 Ne7 7.Bd3 O-O 8.Nf3 Qc7
9.Qe2 Bf5 10.g4 Bxd3 11.Qxd3 Bf4 12.Bxf4 Qxf4 13.h4 Re8 14.Ng5 Ng6+ 15.Ne2 h6
16.h5 Qxg5 17.hxg6 Qxg6 18.Qd2 Nd7 19.O-O-O Nf6 20.Ng3 Ne4 21.Nxe4 Rxe4 22.f4
Qf6 23.g5 Qxf4 24.Qxf4 Rxf4 25.gxh6 gxh6 26.Rxh6 Kg7 27.Rdh1 Re8 28.Rh7+ Kf6
29.R7h6+ Ke7 30.Re1+ Re4 31.Rxe4+ dxe4 32.Rh4 Kd6 33.Kd2 c5 34.dxc5+ Kxc5
35.Rh7 Re7 36.Ke3 Kd6 37.Rh4 f5 38.c4 Ke5 39.Rh5 Rd7 40.c5 Rd5 41.b4 a5 42.Rh7
axb4 43.Rxb7 Rxc5 44.Rxb4 Ra5 45.a4 Rd5 46.Rb5 Rxb5 47.axb5 Kd5 48.b6 Kc6
49.b7 Kxb7 50.Ke2 Kc6 51.Kf2 Kd5 52.Ke3 Ke5 53.Kf2 Kf4 54.Kf1 Kf3 55.Ke1 Ke3
56.Kf1 Kd2 57.Kf2 e3+ 58.Kf3 e2 59.Kf4 e1=Q 60.Kg5 f4 61.Kxf4 Qe6 62.Kf3 Qf5+
63.Kg2 Qf4 64.Kh3 Qg5 65.Kh2 Qg4 66.Kh1 Ke2 67.Kh2 Kf2 68.Kh1 Qh3#  0-1

[Event "26th 4NCL Congress"]
[Site "Woodland Grange, Leamington Spa"]
[Date "2021.09.11"]
[Round "3"]
[Board "10"]
[White "Lloyd, Gregory"]
[Black "Whittington, Reece W"]
[Result "0-1"]
[WhiteElo "1293"]
[BlackElo "1630"]
[PlyCount "0"]
[EventDate "2021.09.10"]
[EventRounds "5"]
[EventCountry "ENG"]

1.d4 Nf6 2.c4 c5 3.d5 d6 4.Nc3 g6 5.e4 Bg7 6.Bg5 h6 7.Bh4 Qa5 8.Bd3 O-O 9.Ne2
Nbd7 10.f4 Nb6 11.O-O e6 12.Be1 Nbd7 13.Nb5 Qb6 14.Qa4 a6 15.Nec3 exd5 16.exd5
Re8 17.Bf2 Ng4 18.Rae1 Rxe1 19.Rxe1 Nxf2 20.Kxf2 Nf6 21.Qa3 Qd8 22.Ne4 Nxe4+
23.Bxe4 Qh4+ 24.g3 Qxh2+ 25.Bg2 Bh3 26.Rg1 Rd8 27.Qf3 axb5 28.Rh1 Qxg2+
29.Qxg2 Bxg2  0-1

[Event "26th 4NCL Congress"]
[Site "Woodland Grange, Leamington Spa"]
[Date "2021.09.11"]
[Round "3"]
[Board "11"]
[White "Morris, Nigel W"]
[Black "Norris, David J"]
[Result "1-0"]
[WhiteElo "1603"]
[BlackElo "1420"]
[PlyCount "0"]
[EventDate "2021.09.10"]
[EventRounds "5"]
[EventCountry "ENG"]

1.Nf3 Nc6 2.d4 d5 3.c4 Bg4 4.e3 e5 5.h3 Bxf3 6.Qxf3 exd4 7.exd4 Bb4+ 8.Nc3
Qe7+ 9.Be3 Nxd4 10.Qd1 c5 11.cxd5 f5 12.Qa4+ b5 13.Bxb5+ Nxb5 14.Qxb5+ Kf7
15.O-O Nf6 16.a3 Rab8 17.Qc4 Bxc3 18.bxc3 Qe4 19.Qxc5 Qxd5 20.Qxa7+ Rb7 21.Qa4
g5 22.Rfd1 Qe4 23.Bd4 g4 24.Re1 Qf4 25.Qc6 Rf8 26.Qxb7+  1-0

[Event "26th 4NCL Congress"]
[Site "Woodland Grange, Leamington Spa"]
[Date "2021.09.11"]
[Round "3"]
[Board "12"]
[White "Bullock, Lee"]
[Black "Hylands, Keith A"]
[Result "1-0"]
[WhiteElo "1599"]
[BlackElo "1360"]
[PlyCount "0"]
[EventDate "2021.09.10"]
[EventRounds "5"]
[EventCountry "ENG"]

1.d4 Nf6 2.Bf4 d6 3.e3 Nh5 4.Qxh5 c5 5.dxc5 Qa5+ 6.Nd2 Qxc5 7.Qxc5 dxc5 8.Bb5+
Bd7 9.a4 a6 10.Bxd7+ Nxd7 11.Ngf3 e6 12.Nc4 f6 13.Rd1 e5 14.Bg3 Be7 15.Nd6+
Bxd6 16.Rxd6 Rd8 17.Ke2 O-O 18.Rhd1 Rf7 19.Nd2 Re8 20.Ne4 Nb8 21.Nxc5 Ree7
22.Rb6 Nd7 23.Nxd7 Rxd7 24.Rbd6 Rc7 25.Rd8+ Rf8 26.Rxf8+ Kxf8 27.c3 Ke7 28.Kd2
Rd7+ 29.Kc2 Rxd1 30.Kxd1 Kd6 31.Kc2 Kd5 32.f3 b5 33.axb5 axb5 34.Kb3 Kc5 35.e4
g6 36.Bf2+ Kc6 37.Kb4 h6 38.c4 bxc4 39.Kxc4 h5 40.b4 f5 41.exf5 gxf5 42.b5+
Kd6 43.b6 Kc6 44.b7 Kxb7 45.Kd5  1-0

[Event "26th 4NCL Congress"]
[Site "Woodland Grange, Leamington Spa"]
[Date "2021.09.11"]
[Round "3"]
[Board "13"]
[White "Jerome, Stelio"]
[Black "Lacoult, Maxime"]
[Result "0-1"]
[WhiteElo "1309"]
[BlackElo "1599"]
[PlyCount "0"]
[EventDate "2021.09.10"]
[EventRounds "5"]
[EventCountry "ENG"]

1.e4 c5 2.d4 cxd4 3.c3 dxc3 4.Nxc3 e6 5.Nf3 Nc6 6.Bc4 Bc5 7.O-O Nge7 8.Qe2 O-O
9.Rd1 a6 10.Bg5 b5 11.Bb3 Qb6 12.Bh4 Kh8 13.Rac1 f5 14.exf5 Nxf5 15.Ne4 Ncd4
16.Nxd4 Bxd4 17.Bg3 Nxg3 18.hxg3 d5 19.Rxd4 Qxd4 20.Ng5 Qf6 21.Nf3 Bb7 22.Ne5
Rfc8 23.Bc2 Rc7 24.Qh5 Qh6 25.Nf7+ Rxf7 26.Qxf7 Qxc1+ 27.Kh2 Qxc2 28.Qxb7 Qc8
 0-1

[Event "26th 4NCL Congress"]
[Site "Woodland Grange, Leamington Spa"]
[Date "2021.09.11"]
[Round "3"]
[Board "15"]
[White "Sartain, Patrick P"]
[Black "Whitney, Dylan"]
[Result "1-0"]
[WhiteElo "1554"]
[BlackElo "1345"]
[PlyCount "0"]
[EventDate "2021.09.10"]
[EventRounds "5"]
[EventCountry "ENG"]

1.e4 e5 2.Nf3 Nc6 3.Bc4 Bc5 4.c3 f6 5.b4 Bb6 6.a4 a6 7.a5 Ba7 8.Qb3 Nh6 9.d3
Qe7 10.Bxh6 gxh6 11.Nh4 d6 12.O-O Qg7 13.Be6 Bxe6 14.Qxe6+ Kd8 15.Nf5 Qg5
16.Na3 Re8 17.Qd5 Kd7 18.b5 axb5 19.Nxb5 Rg8 20.g3 Bb8 21.Qf7+ Kd8 22.d4 h5
23.d5 Na7 24.Nbxd6 cxd6 25.Qxb7 h4 26.Nxh4 Qxh4 27.Qxa8 Kc7 28.Rab1 Qxe4
29.Qb7+ Kd8 30.Qxb8+ Nc8 31.Rb7 Qxd5 32.Qc7+ Ke8 33.Qxc8#  1-0

[Event "26th 4NCL Congress"]
[Site "Woodland Grange, Leamington Spa"]
[Date "2021.09.11"]
[Round "3"]
[Board "17"]
[White "Constable, Christine F"]
[Black "Pitts, Daniel"]
[Result "0-1"]
[WhiteElo "1615"]
[BlackElo "1338"]
[PlyCount "0"]
[EventDate "2021.09.10"]
[EventRounds "5"]
[EventCountry "ENG"]

1.d4 d5 2.Nf3 Nf6 3.e3 e6 4.Bd3 c5 5.b3 Nc6 6.Bb2 Bd6 7.Ne5 cxd4 8.exd4 Bxe5
9.dxe5 Nd7 10.Qe2 Qg5 11.O-O O-O 12.Re1 d4 13.Qe4 g6 14.Bxd4 Rb8 15.Nd2 Qxd2
16.Re3 Nxd4 17.Qxd4 Qa5 18.Qd6 Qc3 19.Rae1 a6 20.a4 Qc6 21.Qd4 Nc5 22.h3 Nxd3
23.Qxd3 b5 24.a5 Bb7 25.Rg3 Rbd8 26.Qe2 Rc8 27.Rc1 Qd5 28.h4 Rc3 29.Rg4 Rh3
30.f3 Qc5+ 31.Qf2 Rh1+ 32.Kxh1 Qxf2 33.h5 Qe3 34.Rf1 Qe2 35.Kg1 Rd8 36.hxg6
hxg6 37.c4 Bc6 38.c5 b4 39.Rxb4 Bb5 40.Rb1 Qe3+ 41.Kh1 Kg7 42.Re4 Rh8+  0-1

[Event "26th 4NCL Congress"]
[Site "Woodland Grange, Leamington Spa"]
[Date "2021.09.11"]
[Round "3"]
[Board "18"]
[White "Stubbs, John"]
[Black "Faulkner, Oliver"]
[Result "1/2-1/2"]
[WhiteElo "1263"]
[BlackElo "1587"]
[PlyCount "0"]
[EventDate "2021.09.10"]
[EventRounds "5"]
[EventCountry "ENG"]

1.d4 Nf6 2.Nf3 d5 3.Bf4 c5 4.c3 Nc6 5.e3 Bf5 6.Be2 e6 7.Ne5 Be7 8.Nxc6 bxc6
9.Qb3 O-O 10.Qd1 Qb6 11.Qb3 cxd4 12.cxd4 c5 13.Qb5 c4 14.Qxb6 axb6 15.a3 b5
16.O-O Nd7 17.Bd1 Ra7 18.f3 Rfa8 19.Rf2 Nb6 20.Bc2 Bxc2 21.Rxc2 Bd8 22.Bd6 Be7
23.Bxe7 Rxe7 24.Re2 f6 25.f4 Rae8 26.Nd2 e5 27.Rae1 e4 28.Kf2 f5 29.Nf1 Nd7
 1/2-1/2

[Event "26th 4NCL Congress"]
[Site "Woodland Grange, Leamington Spa"]
[Date "2021.09.11"]
[Round "3"]
[Board "19"]
[White "Vaidyanathan, Sathya"]
[Black "Sastry, Shriya"]
[Result "1-0"]
[WhiteElo "1198"]
[BlackElo "1495"]
[PlyCount "0"]
[EventDate "2021.09.10"]
[EventRounds "5"]
[EventCountry "ENG"]

1.e4 e5 2.Nf3 Nc6 3.Bc4 Bc5 4.d3 h6 5.Nc3 Nf6 6.h3 d6 7.a3 Nd4 8.Na4 Nxf3+
9.Qxf3 Bb6 10.Nxb6 axb6 11.Qg3 Nh5 12.Qf3 Nf6 13.Bd2 O-O 14.O-O Qe7 15.Rab1
Be6 16.Bxe6 Qxe6 17.Qe3 Nh5 18.Qe2 Nf6 19.f4 Nd7 20.f5 Qe7 21.Qf3 Rfe8 22.Qg3
Kh8 23.Rf3 Nb8 24.Rbf1 Nc6 25.f6 gxf6 26.Rxf6 Qf8 27.Rxh6+ Qxh6 28.Bxh6 Rg8
29.Qh4 Rg6 30.Rf6 Kh7 31.Rxg6 fxg6 32.Bg5+ Kg7 33.Qh6+ Kf7 34.Qh7+ Ke6
35.Qxg6+ Kd7 36.Qf7+ Ne7 37.Qxe7+ Kc6 38.c4 Rc8 39.Be3 Rg8 40.b4 b5 41.cxb5+
Kxb5 42.Qxc7 Ka4 43.Qxd6 Kxa3 44.b5+ Ka4 45.b6 Ra8 46.Bd2 Kb5 47.Qb4+ Kc6
48.Bg5 Kd7 49.Be7 Kc8 50.Bd6 Kd7 51.Qc5 Ke6 52.Bc7 Kf7 53.Bd6 Kg6 54.Qxe5 Kh6
55.Be7 Kh7 56.Qf5+ Kg8 57.Qg6+ Kh8 58.Bf6#  1-0

[Event "26th 4NCL Congress"]
[Site "Woodland Grange, Leamington Spa"]
[Date "2021.09.11"]
[Round "3"]
[Board "21"]
[White "Goldsmith, Jennifer"]
[Black "Vdovycia, Titas"]
[Result "0-1"]
[WhiteElo "1413"]
[BlackElo "1379"]
[PlyCount "0"]
[EventDate "2021.09.10"]
[EventRounds "5"]
[EventCountry "ENG"]

1.d4 d5 2.Nf3 Nf6 3.Bf4 Bf5 4.e3 Nbd7 5.h3 h6 6.Nbd2 e6 7.Be2 c5 8.c3 c4 9.b3
b5 10.O-O Ba3 11.b4 Bb2 12.Rc1 Bxc1 13.Qxc1 Qe7 14.Qa3 a5 15.Bc7 a4 16.Ne5
Nxe5 17.Bxe5 O-O 18.Bf3 Bd3 19.Re1 Ne4 20.Nxe4 dxe4 21.Bd1 Rad8 22.Qb2 f6
23.Bg3 Rd5 24.f3 e5 25.f4 exf4 26.Bxf4 Qf7 27.a3 g5 28.Bh2 f5 29.Qf2 Qe8
30.Be5 Rxe5 31.dxe5 Qxe5 32.Qd2 f4 33.Bg4 fxe3 34.Rxe3 Rf1#  0-1

[Event "26th 4NCL Congress"]
[Site "Woodland Grange, Leamington Spa"]
[Date "2021.09.11"]
[Round "3"]
[Board "23"]
[White "Baravalle, Maurizio"]
[Black "Coleman, Diana"]
[Result "0-1"]
[WhiteElo "1012"]
[BlackElo "917"]
[PlyCount "0"]
[EventDate "2021.09.10"]
[EventRounds "5"]
[EventCountry "ENG"]

1.d4 d5 2.c4 dxc4 3.Nc3 e6 4.e4 Bb4 5.Bxc4 Bxc3+ 6.bxc3 c6 7.Bd3 Ne7 8.Nf3 h6
9.O-O Nd7 10.Bc2 O-O 11.Qd3 Ng6 12.e5 Re8 13.Re1 b5 14.Qe3 Bb7 15.Bxg6 fxg6
16.h4 c5 17.Qf4 Bxf3 18.Qxf3 Qxh4 19.Qc6 Rf8 20.g3 Qe7 21.Qxb5 Rab8 22.Qd3
Rbd8 23.Qxg6 Kh8 24.Kg2 c4 25.Rh1 Rf7 26.Be3 Nb6 27.a4 Qb7+ 28.Kh2 Nd5 29.Rab1
Qd7 30.Qc2 Nxe3 31.fxe3 Rdf8 32.Qe4 Rf2+ 33.Kh3 Qf7 34.Qg4 h5 35.Qh4 g5 36.Qe4
 0-1